|
|
|
|
| LEADER |
00000nta a2200000 i 4500 |
| 001 |
dolg4554 |
| 005 |
20160303114614.0 |
| 008 |
151215suuuu hu om 000 hun d |
| 040 |
|
|
|a BGE Dolgozattár Repozitórium
|b hun
|
| 041 |
|
|
|a hu
|
| 100 |
1 |
|
|a Gellényi Erika
|
| 245 |
1 |
2 |
|a A Szakmai számítás elmélete tantárgy oktatása szakmódszertani szempontok alapján a kilencedik évfolyamon
|c Gellényi Erika
|h [elektronikus dokumentum]
|
| 695 |
|
|
|a Szakmódszertan
|
| 695 |
|
|
|a Szakmai számítás elmélete
|
| 700 |
1 |
|
|a Rudolfné Dr. Katona Mária
|e ths
|
| 856 |
4 |
0 |
|u http://dolgozattar.uni-bge.hu/4554/1/Szakdolg.pdf
|z Dokumentum-elérés
|